Bluwark Web Application Vulnerability Scanner (Record no. 592807)

000 -LEADER
fixed length control field 00381nam a22001337a 4500
003 - CONTROL NUMBER IDENTIFIER
control field NUST
040 ## - CATALOGING SOURCE
Original cataloging agency BIT-10
082 ## - DEWEY DECIMAL CLASSIFICATION NUMBER
Classification number BIT-10
245 ## - TITLE STATEMENT
Title Bluwark Web Application Vulnerability Scanner
Statement of responsibility, etc. Muhammad Saad, Waqas Jamal
264 ## - PRODUCTION, PUBLICATION, DISTRIBUTION, MANUFACTURE, AND COPYRIGHT NOTICE
Place of production, publication, distribution, manufacture Islamabad :
Name of producer, publisher, distributor, manufacturer SEECS, NUST
Date of production, publication, distribution, manufacture, or copyright notice 2011.
300 ## - PHYSICAL DESCRIPTION
Extent 50p.
Dimensions 30CM.
856 ## - ELECTRONIC LOCATION AND ACCESS
Uniform Resource Identifier <a href="http://10.250.8.41:8080/xmlui/handle/123456789/31899">http://10.250.8.41:8080/xmlui/handle/123456789/31899</a>
942 ## - ADDED ENTRY ELEMENTS (KOHA)
Source of classification or shelving scheme
Koha item type Thesis
Holdings
Withdrawn status Permanent Location Current Location Shelving location Date acquired Full call number Barcode Koha item type
WITHDRAWN Central Library (CL) Central Library (CL) Thesis 12/26/2022 BIT-10 SEECSP01411 Thesis
© 2023 Central Library, National University of Sciences and Technology. All Rights Reserved.